000 00371nam a2200157 a 4500
001 2771
005 20140414131912.0
008 050928s19uu xx 00 eng d
020 _a0-7214-0485-5
050 _aER
_bD547 1985
245 _aDick Whittington.
260 _bLadybird Books.
300 _a51p. : ill. ; cm.
440 _aRead it yourself
999 _c111260
_d111260